Población, evolución y control de natalidad: un mosaico de ideas opuestas

Saved in:
Bibliografiske detaljer
Hovedforfatter: Hardin, Garrett (Author)
Format: Bog
Sprog:spansk
Udgivet: Ciudad de México Edutex 1973
Fag:
Tags: Tilføj Tag
Ingen Tags, Vær først til at tagge denne postø!

MARC

LEADER 00000nam a2200000 a 4500
001 UCY7640
003 CL-VaPUC
008 950616e19730000MX |||||||||||||||||spa|d
082 0 4 |a 304.66  |b HAR  |2 21 
100 |a Hardin, Garrett  |e author  |9 359404 
245 1 0 |a Población, evolución y control de natalidad: un mosaico de ideas opuestas 
300 |a 444 p 
942 |c BK 
945 |d 19950616 00:00:00  |a cmena 
260 |a Ciudad de México  |b Edutex  |c 1973 
650 0 |a Población  |9 257577 
650 7 |a DENSIDAD DE POBLACION  |2 CL-VaPUC  |9 338262 
650 0 |a Pobreza  |9 258652 
650 0 |a Problemas sociales  |9 258537 
650 0 |a Familias   |9 255641 
650 0 |a Teología   |9 258766 
650 7 |a CONTROL DE LA NATALIDAD  |2 CL-VaPUC  |9 308234 
650 7 |a POLITICA DEMOGRAFICA  |2 CL-VaPUC  |9 338263 
650 7 |a SUPERPOBLACION  |2 CL-VaPUC  |9 338264 
583 |a last modification  |c 19950616 00:00:00  |k Rodrigo Vera 
999 |c 234972  |d 234970 
952 |0 0  |1 0  |4 0  |6 304_660000000000000_HAR_1973  |7 0  |8 P  |9 242025  |a BIBEDU  |b BIBEDU  |c BIBEDU_PB  |d 2019-11-18  |i 151959K  |l 1  |o 304.66 HAR 1973  |p 151959K  |r 2024-12-06  |s 2024-11-07  |w 2019-11-18  |y BK  |k EDU 
952 |0 0  |1 0  |4 0  |6 304_660000000000000_HAR_1973  |7 0  |8 P  |9 242026  |a BIBEDU  |b BIBEDU  |c BIBEDU_PB  |d 2019-11-18  |i 1606646  |o 304.66 HAR 1973  |p 1606646  |r 2024-01-25  |w 2019-11-18  |y BK  |k EDU